[Event "4NCL Online Division 7"]
[Site "online"]
[Date "2021.03.09"]
[EventDate "2021.03.09"]
[Round "4.34"]
[White "Hameed, Asif"]
[WhiteElo "1773"]
[WhiteTeam "Oxford 4"]
[Black "Robinson, Ethan"]
[BlackElo "1225"]
[BlackTeam "Hackney Spice Boys"]
[Result "1-0"]
[PlyCount "89"]

1. e4 e5 2. f4 exf4 3. Nf3 d6 4. Bc4 Be6 5. Bxe6 fxe6 6. d4 d5 7. e5 g5 8. h4 Be7 9. Nxg5 Bxg5 10. Qh5+ Kd7 11. hxg5 h6 12. Bxf4 Qf8 13. O-O Qe8 14. Qxe8+ Kxe8 15. g6 Ne7 16. g7 Rh7 17. Nc3 Rxg7 18. Bxh6 Rf7 19. Rxf7 Kxf7 20. Rf1+ Nf5 21. g4 Kg6 22. gxf5+ Kxh6 23. fxe6 Nc6 24. Rf6+ Kh5 25. Nxd5 Rg8+ 26. Kf2 Nxd4 27. Nxc7 Rg7 28. c3 Rxc7 29. cxd4 Re7 30. d5 Kg5 31. Rf7 Re8 32. Ke3 Kg6 33. Kd4 b6 34. Rxa7 Rh8 35. d6 Rh4+ 36. Kd5 Kf5 37. d7 Rh8 38. e7 Rh3 39. e8=Q Rd3+ 40. Kc4 Re3 41. d8=Q Re4+ 42. Kd5 b5 43. Rf7+ Kg6 44. Qg8+ Kh5 45. Rh7# 1-0

[Event "4NCL Online Division 7"]
[Site "online"]
[Date "2021.03.09"]
[EventDate "2021.03.09"]
[Round "4.41"]
[White "Bucher, Goetz"]
[WhiteElo "1969"]
[WhiteTeam "Bearsden Grizzlies"]
[Black "Kafetzopoulos, Anastasis"]
[BlackElo "2071"]
[BlackTeam "Londinium Centurions"]
[Result "1/2-1/2"]
[PlyCount "86"]

1. e4 c5 2. Nf3 d6 3. d4 cxd4 4. Qxd4 Nc6 5. Bb5 Bd7 6. Bxc6 Bxc6 7. Nc3 Nf6 8. Bg5 e6 9. O-O-O Be7 10. Kb1 O-O 11. h4 b5 12. Bxf6 Bxf6 13. Qxd6 Qxd6 14. Rxd6 Rac8 15. Nd4 Be5 16. Rxc6 Bxd4 17. Rxc8 Rxc8 18. Nd1 h5 19. Rh3 Bf6 20. Rb3 Bxh4 21. Rxb5 Rd8 22. Kc1 g6 23. g3 Bf6 24. c3 Rd7 25. Kc2 g5 26. Ne3 Kg7 27. a4 Kg6 28. b4 Rc7 29. Rc5 Rxc5 30. bxc5 Bd8 31. Kd3 h4 32. gxh4 gxh4 33. Ke2 Bc7 34. Kf3 h3 35. Nc4 Kf6 36. Nd6 Ke7 37. e5 a6 38. Kg3 Bb8 39. Kxh3 f6 40. f4 fxe5 41. fxe5 Kd7 42. Kg4 Kc6 43. Kf4 Kxc5 1/2-1/2

[Event "4NCL Online Division 7"]
[Site "online"]
[Date "2021.03.09"]
[EventDate "2021.03.09"]
[Round "4.42"]
[White "Shah, Meeth"]
[WhiteElo "1780"]
[WhiteTeam "Londinium Centurions"]
[Black "Watt, David A"]
[BlackElo "1921"]
[BlackTeam "Bearsden Grizzlies"]
[Result "1/2-1/2"]
[PlyCount "121"]

1. e4 c5 2. Nc3 Nc6 3. Bb5 Nd4 4. f4 g6 5. Nf3 Bg7 6. O-O a6 7. Be2 d6 8. a4 e6 9. Nxd4 cxd4 10. Nb1 Ne7 11. d3 O-O 12. Nd2 Rb8 13. g4 f5 14. gxf5 exf5 15. Nf3 Nc6 16. c3 dxc3 17. bxc3 Qe7 18. e5 dxe5 19. Ba3 Qc7 20. Bxf8 Kxf8 21. fxe5 Nxe5 22. Rc1 Bh6 23. Nxe5 Bxc1 24. Nxg6+ hxg6 25. Qxc1 Be6 26. Qh6+ Qg7 27. Qxg7+ Kxg7 28. Kf2 a5 29. c4 Bd7 30. Bd1 Re8 31. Bc2 g5 32. d4 Rc8 33. c5 f4 34. Be4 Bxa4 35. Rg1 Kf6 36. Bxb7 Rc7 37. Rb1 Kf5 38. h3 Bc6 39. Bxc6 Rxc6 40. Rb6 Rc8 41. Ra6 Ke4 42. Rxa5 Kxd4 43. c6 Rxc6 44. Rxg5 Ke4 45. Ra5 Rc2+ 46. Kg1 f3 47. Ra4+ Ke3 48. Ra1 Rg2+ 49. Kf1 Rh2 50. Ra3+ Kf4 51. Ra4+ Kg3 52. Rg4+ Kxh3 53. Rg8 Ra2 54. Rh8+ Kg3 55. Rg8+ Kf4 56. Rf8+ Ke3 57. Re8+ Kd3 58. Rd8+ Ke3 59. Re8+ Kd3 60. Rd8+ Ke3 61. Re8+ 1/2-1/2

[Event "4NCL Online Division 7"]
[Site "online"]
[Date "2021.03.09"]
[EventDate "2021.03.09"]
[Round "4.43"]
[White "Colston, Rob"]
[WhiteElo "1874"]
[WhiteTeam "Bearsden Grizzlies"]
[Black "Padovan, Rodolfo"]
[BlackElo "1765"]
[BlackTeam "Londinium Centurions"]
[Result "1/2-1/2"]
[PlyCount "65"]

1. e4 c5 2. Nc3 Nc6 3. Bb5 Nd4 4. Bc4 a6 5. a4 e6 6. Nge2 Nf6 7. d3 d5 8. exd5 exd5 9. Ba2 Ne6 10. O-O Be7 11. Nf4 Nxf4 12. Bxf4 d4 13. Ne4 Nxe4 14. dxe4 O-O 15. Bd5 Be6 16. Bxb7 Ra7 17. Bc6 Qc8 18. Bd5 Bxd5 19. exd5 Qf5 20. Qf3 Rd7 21. Rfe1 Bd6 22. Bxd6 Qxf3 23. gxf3 Rxd6 24. Re5 Rfd8 25. c4 dxc3 26. bxc3 Rxd5 27. Rxd5 Rxd5 28. Rb1 g6 29. Rb6 Rd3 30. Rxa6 Rxc3 31. Rc6 Ra3 32. Rxc5 Rxa4 33. Kg2 1/2-1/2

[Event "4NCL Online Division 7"]
[Site "online"]
[Date "2021.03.09"]
[EventDate "2021.03.09"]
[Round "4.44"]
[White "Voiculescu-Holvad, Stefan"]
[WhiteElo "1779"]
[WhiteTeam "Londinium Centurions"]
[Black "D Alessio, Marco"]
[BlackElo "1788"]
[BlackTeam "Bearsden Grizzlies"]
[Result "0-1"]
[PlyCount "64"]

1. d4 d5 2. c4 c6 3. Nf3 Nf6 4. Qc2 Bg4 5. Nbd2 e6 6. e3 Nbd7 7. Bd3 Bd6 8. O-O O-O 9. h3 Bh5 10. e4 dxe4 11. Nxe4 Nxe4 12. Bxe4 f5 13. Bd3 Bxf3 14. gxf3 Qh4 15. Kg2 Qxd4 16. Bg5 h6 17. Bd2 Ne5 18. Be2 Rf6 19. Rh1 Qh4 20. Rag1 Rg6+ 21. Kf1 Rxg1+ 22. Kxg1 Bc5 23. Be3 Bxe3 24. fxe3 Qg3+ 25. Kf1 Nxf3 26. Qd1 Nh2+ 27. Rxh2 Qxh2 28. Bh5 Qxh3+ 29. Kf2 Qh2+ 30. Kf1 Qh1+ 31. Kf2 Qxd1 32. Bxd1 Rd8 0-1

[Event "4NCL Online Division 7"]
[Site "online"]
[Date "2021.03.09"]
[EventDate "2021.03.09"]
[Round "4.51"]
[White "Bedi, Adam"]
[WhiteElo "1954"]
[WhiteTeam "Eagle and Child"]
[Black "Shepley, Julien M"]
[BlackElo "1975"]
[BlackTeam "Guildford Castles 2"]
[Result "1-0"]
[PlyCount "67"]

1. d4 d5 2. c4 e6 3. g3 c5 4. Nf3 Nc6 5. cxd5 exd5 6. Bg2 Nf6 7. O-O cxd4 8. Nxd4 Bc5 9. Nxc6 bxc6 10. Qc2 Qb6 11. Nc3 Be7 12. Be3 Qd8 13. Rfd1 O-O 14. Na4 Bd7 15. Nc5 Bxc5 16. Bxc5 Re8 17. Rac1 Qa5 18. b4 Qb5 19. Bf1 Ne4 20. a4 Qb8 21. Bg2 Nxc5 22. Qxc5 Rxe2 23. b5 Qe5 24. bxc6 Be6 25. c7 Rc8 26. Qxa7 d4 27. Qxd4 Re1+ 28. Bf1 Rxd1 29. Qxd1 Re8 30. Qd8 Bc8 31. a5 Kf8 32. a6 Qe7 33. Qxe7+ Rxe7 34. a7 1-0

[Event "4NCL Online Division 7"]
[Site "online"]
[Date "2021.03.09"]
[EventDate "2021.03.09"]
[Round "4.52"]
[White "Mellor, Jessica"]
[WhiteElo "1809"]
[WhiteTeam "Guildford Castles 2"]
[Black "Monteiro, Paulo"]
[BlackElo "1825"]
[BlackTeam "Eagle and Child"]
[Result "0-1"]
[PlyCount "76"]

1. e4 e5 2. Nc3 Nf6 3. Bc4 Nc6 4. d3 Bb4 5. f4 d5 6. exd5 Nxd5 7. Bxd5 Qxd5 8. Nf3 Bxc3+ 9. bxc3 Bg4 10. O-O Qc5+ 11. Kh1 Qxc3 12. Bd2 Qc5 13. fxe5 O-O 14. h3 Bh5 15. g4 Bg6 16. Re1 Qd5 17. Kg2 Rfe8 18. Qe2 Nd4 19. Qf2 Nxc2 20. Rac1 Nxe1+ 21. Rxe1 Qxa2 22. d4 Qd5 23. Kg1 a5 24. Rc1 Qd7 25. Qe2 h5 26. Qg2 hxg4 27. hxg4 Be4 28. Be3 Qd5 29. Rf1 a4 30. Qh3 Bxf3 31. Rxf3 Qe4 32. g5 a3 33. Qh5 Qxf3 34. Qxf3 a2 35. g6 a1=Q+ 36. Kh2 Qa2+ 37. Kg3 Qe6 38. gxf7+ Qxf7 0-1

[Event "4NCL Online Division 7"]
[Site "online"]
[Date "2021.03.09"]
[EventDate "2021.03.09"]
[Round "4.53"]
[White "Weber, Simon"]
[WhiteElo "1654"]
[WhiteTeam "Eagle and Child"]
[Black "Rapacci, Pascoe"]
[BlackElo "1760"]
[BlackTeam "Guildford Castles 2"]
[Result "1/2-1/2"]
[PlyCount "131"]

1. c4 c5 2. Nc3 Nc6 3. g3 g6 4. Bg2 Bg7 5. e4 d6 6. Nge2 Nf6 7. O-O O-O 8. h3 Bd7 9. d3 Rb8 10. Be3 a6 11. a4 Ne8 12. Qd2 Nc7 13. Bh6 Ne6 14. Bxg7 Kxg7 15. f4 Ned4 16. Nxd4 Nxd4 17. Ne2 Nb3 18. Qc3+ Nd4 19. Nxd4 cxd4 20. Qxd4+ Kg8 21. a5 b5 22. axb6 Qxb6 23. Qxb6 Rxb6 24. Rfb1 Rfb8 25. Ra2 Rb3 26. Bf1 R8b6 27. Kf2 f6 28. g4 Kf7 29. Ke3 Be6 30. Kd2 Bd7 31. Be2 a5 32. Bd1 R3b4 33. Kc1 a4 34. Ra3 Rb7 35. Bc2 e6 36. b3 axb3 37. Raxb3 Rxb3 38. Bxb3 Ke7 39. Kc2 e5 40. f5 g5 41. Kc3 Ba4 42. Rb2 Rxb3+ 43. Rxb3 Bxb3 44. Kxb3 Kd7 45. Kc3 Kc7 46. d4 exd4+ 47. Kxd4 Kc6 48. Ke3 Kc5 49. Kd3 Kb6 50. Kd4 Kc6 51. Ke3 Kc5 52. h4 h6 53. hxg5 hxg5 54. Kd3 Kb6 55. Kd4 Kc6 56. Kd3 Kc5 57. Kc3 Kb6 58. Kb4 Kc6 59. Kc3 Kc5 60. Kd3 Kb6 61. Kd4 Kc6 62. Kd3 Kc5 63. Kc3 Kb6 64. Kb4 Kc6 65. Kc3 Kc5 66. Kd3 1/2-1/2

[Event "4NCL Online Division 7"]
[Site "online"]
[Date "2021.03.09"]
[EventDate "2021.03.09"]
[Round "4.54"]
[White "Driver, Nicholas P"]
[WhiteElo "1750"]
[WhiteTeam "Guildford Castles 2"]
[Black "Giraud, Antoine"]
[BlackElo "1600"]
[BlackTeam "Eagle and Child"]
[Result "1-0"]
[PlyCount "85"]

1. e4 d5 2. exd5 Nf6 3. c4 c6 4. dxc6 Nxc6 5. Nc3 e5 6. d3 Bb4 7. a3 Bxc3+ 8. bxc3 Bf5 9. Be3 O-O 10. d4 Ng4 11. Nf3 exd4 12. cxd4 Re8 13. Qd2 Be4 14. Be2 Bxf3 15. gxf3 Nf6 16. h4 h5 17. Rd1 Rc8 18. d5 Na5 19. c5 Nb3 20. Qb4 Na5 21. d6 Re6 22. Kf1 Nd7 23. Bg5 f6 24. Be3 Rb8 25. Bb5 b6 26. c6 Rc8 27. cxd7 Rc2 28. Rc1 Rxc1+ 29. Bxc1 a6 30. Bc4 Nxc4 31. Qxc4 Qxd7 32. Bf4 Kh8 33. Kg2 Rxd6 34. Bxd6 Qxd6 35. Rc1 Qxa3 36. Qc8+ Kh7 37. Qf5+ Kg8 38. Rc8+ Kf7 39. Rc7+ Kg8 40. Rc8+ Kf7 41. Qxh5+ Ke6 42. Qe8+ Kf5 43. Qe4# 1-0

[Event "4NCL Online Division 7"]
[Site "online"]
[Date "2021.03.09"]
[EventDate "2021.03.09"]
[Round "4.61"]
[White "McCready, Mark"]
[WhiteElo "1736"]
[WhiteTeam "MK Phoenix 4"]
[Black "Smith, Steven J"]
[BlackElo "1658"]
[BlackTeam "Wessex Some Stars F"]
[Result "1-0"]
[PlyCount "81"]

1. e4 e6 2. d4 d5 3. Nc3 Bb4 4. e5 c5 5. Bd2 Bxc3 6. bxc3 Qc7 7. Qg4 Ne7 8. Bd3 Ng6 9. h4 c4 10. Be2 Nc6 11. Nf3 Nce7 12. h5 Nf8 13. O-O Rg8 14. Nh4 f5 15. exf6 gxf6 16. Qf3 f5 17. Bf4 Qd7 18. Rfe1 Qc6 19. Rab1 Bd7 20. Rb4 Nc8 21. Bf1 Kd8 22. Qe3 Nd6 23. Bxd6 Qxd6 24. Rxb7 Rg4 25. Nf3 Bc6 26. Rbb1 Nd7 27. Qh6 Re4 28. Qxh7 Qe7 29. Qg6 Qe8 30. Qg5+ Qe7 31. Qh6 Rc8 32. Rxe4 fxe4 33. Ng5 Rc7 34. Nxe6+ Kc8 35. Nxc7 Kxc7 36. Qf4+ Kc8 37. h6 Ba4 38. Qg3 Bxc2 39. Rb5 Nb6 40. Rc5+ Kb7 41. Qg7 1-0

[Event "4NCL Online Division 7"]
[Site "online"]
[Date "2021.03.09"]
[EventDate "2021.03.09"]
[Round "4.62"]
[White "Sandy, Paul"]
[WhiteElo "1615"]
[WhiteTeam "Wessex Some Stars F"]
[Black "McKeon, John"]
[BlackElo "1585"]
[BlackTeam "MK Phoenix 4"]
[Result "1-0"]
[PlyCount "195"]

1. e4 d5 2. d4 dxe4 3. Nc3 Nf6 4. Bf4 c6 5. Qd2 Bg4 6. Be2 Bxe2 7. Ngxe2 Qb6 8. h3 e6 9. O-O Nbd7 10. Rfb1 Be7 11. a3 O-O 12. Ng3 Rfd8 13. Qe3 Nf8 14. Ngxe4 Qxd4 15. Rd1 Qxe3 16. Bxe3 Ng6 17. Rxd8+ Bxd8 18. Rd1 Nd5 19. Nxd5 exd5 20. Nc5 b6 21. Nb3 Bf6 22. c3 h6 23. g3 Re8 24. Bd4 Re6 25. f4 Re2 26. Bxf6 gxf6 27. Nd4 Rxb2 28. Nxc6 Rb3 29. Nxa7 Rxc3 30. Kf2 Rxa3 31. Nc8 Ra2+ 32. Kf3 Ra3+ 33. Kg4 b5 34. Rxd5 Ne7 35. Nxe7+ Kg7 36. Rxb5 Ra7 37. Nf5+ Kg6 38. Ne3 Ra8 39. f5+ Kg7 40. Kh5 Ra3 41. Nf1 Rf3 42. Rb1 Rxf5+ 43. Kg4 Kg6 44. h4 h5+ 45. Kh3 Rf2 46. Ne3 Rf3 47. Nd5 Ra3 48. Rb6 Rf3 49. Rb5 Kg7 50. Nf4 Rf1 51. Nxh5+ Kg6 52. Nf4+ Kg7 53. Rb6 Rh1+ 54. Kg2 Rd1 55. Nh5+ Kg6 56. Nxf6 Rd2+ 57. Kh3 Kf5 58. Nh7 Rd7 59. Rb5+ Kg6 60. Ng5 f6 61. Nf3 Rd3 62. Kg2 Rc3 63. Nd4 Rc4 64. Ne6 Rc2+ 65. Kh3 Rc1 66. Nf4+ Kf7 67. Rb7+ Kg8 68. Nh5 f5 69. Rb5 Rf1 70. Nf4 Rh1+ 71. Kg2 Rc1 72. Rxf5 Rc2+ 73. Kh3 Kg7 74. Kg4 Rc3 75. h5 Rc6 76. Rg5+ Kh7 77. Rg6 Rc5 78. Ra6 Rb5 79. Ra7+ Kh6 80. Ra6+ Kh7 81. Ne6 Rb4+ 82. Nf4 Rc4 83. Kh4 Rc5 84. g4 Rc4 85. Rf6 Rc5 86. g5 Kg7 87. h6+ Kh7 88. Rf7+ Kh8 89. g6 Rc8 90. Ne6 Ra8 91. Rf8+ Rxf8 92. Nxf8 Kg8 93. Ne6 Kh8 94. Kg5 Kg8 95. Kf6 Kh8 96. g7+ Kg8 97. h7+ Kxh7 98. Kf7 1-0

[Event "4NCL Online Division 7"]
[Site "online"]
[Date "2021.03.09"]
[EventDate "2021.03.09"]
[Round "4.63"]
[White "Phillips, David"]
[WhiteElo "1410"]
[WhiteTeam "MK Phoenix 4"]
[Black "Doyle, Jamie"]
[BlackElo "1602"]
[BlackTeam "Wessex Some Stars F"]
[Result "0-1"]
[PlyCount "70"]

1. d4 d5 2. Nf3 Nc6 3. Bf4 Nf6 4. e3 a6 5. c4 e6 6. a3 Be7 7. Bd3 h6 8. O-O O-O 9. Nbd2 Bd6 10. Bxd6 cxd6 11. h3 dxc4 12. Nxc4 b5 13. Ncd2 Bb7 14. Rc1 Qd7 15. Nb3 Rfe8 16. Qc2 Rac8 17. Qb1 e5 18. Bf5 Qe7 19. Bxc8 Rxc8 20. Rfe1 Re8 21. Nh4 e4 22. Nd2 Qe6 23. f4 g5 24. f5 Qd5 25. Nhf3 exf3 26. Nxf3 Ne7 27. Rc7 Ne4 28. f6 Nf5 29. Qc2 Neg3 30. Rd7 Rc8 31. Rc7 Re8 32. Rd7 Nh4 33. Re7 Rc8 34. e4 Rxc2 35. exd5 Rxg2# 0-1

[Event "4NCL Online Division 7"]
[Site "online"]
[Date "2021.03.09"]
[EventDate "2021.03.09"]
[Round "4.64"]
[White "Deacon, Matthew"]
[WhiteElo "1559"]
[WhiteTeam "Wessex Some Stars F"]
[Black "Cox, Lucian"]
[BlackElo "1469"]
[BlackTeam "MK Phoenix 4"]
[Result "0-1"]
[PlyCount "86"]

1. d4 Nf6 2. c4 g6 3. Nc3 Bg7 4. e4 d6 5. Nf3 O-O 6. Be2 e5 7. d5 Nbd7 8. O-O a5 9. Bg5 Nc5 10. Rc1 Qd7 11. Qc2 c6 12. dxc6 bxc6 13. Rfd1 Ne8 14. Ne1 Nc7 15. Be3 Nb7 16. a3 Rd8 17. b4 f5 18. exf5 gxf5 19. Bg5 Rf8 20. Bd3 d5 21. cxd5 cxd5 22. b5 Nc5 23. a4 Nxd3 24. Qxd3 e4 25. Qd2 d4 26. Nb1 d3 27. f3 Qd4+ 28. Be3 Qd6 29. Bc5 Qe5 30. fxe4 fxe4 31. Bxf8 Kxf8 32. Qf2+ Kg8 33. Qe3 Nd5 34. Qc5 Bg4 35. Nxd3 Qd4+ 36. Qxd4 Bxd4+ 37. Kf1 Ne3+ 38. Ke1 Nxg2+ 39. Kd2 Bxd1 40. Rxd1 exd3 41. Kxd3 Rd8 42. Kc4 Ne3+ 43. Kb3 Nxd1 0-1

[Event "4NCL Online Division 7"]
[Site "online"]
[Date "2021.03.09"]
[EventDate "2021.03.09"]
[Round "4.71"]
[White "O'Gorman, Alice"]
[WhiteElo "1916"]
[WhiteTeam "RCSI Team 1"]
[Black "McCarron, Peter D J"]
[BlackElo "1694"]
[BlackTeam "Redbridge All Sorts 3"]
[Result "1-0"]
[PlyCount "39"]

1. c4 e6 2. e4 c5 3. Nc3 Nc6 4. Nge2 g6 5. g3 Bg7 6. Bg2 Nge7 7. O-O O-O 8. d3 d6 9. Be3 Rb8 10. Qd2 a6 11. a4 b6 12. Rad1 Bb7 13. d4 Qc7 14. d5 exd5 15. exd5 Ne5 16. b3 Rbe8 17. Ne4 Bc8 18. Bh6 Nf5 19. Bxg7 Nxg7 20. Nf6+ 1-0

[Event "4NCL Online Division 7"]
[Site "online"]
[Date "2021.03.09"]
[EventDate "2021.03.09"]
[Round "4.72"]
[White "Wilson, Michael GA"]
[WhiteElo "1688"]
[WhiteTeam "Redbridge All Sorts 3"]
[Black "Singh, Mahendra"]
[BlackElo "1872"]
[BlackTeam "RCSI Team 1"]
[Result "0-1"]
[PlyCount "81"]

1. e4 c5 2. Nf3 Nc6 3. d4 cxd4 4. Nxd4 Nf6 5. f3 g6 6. c4 Bg7 7. Nc3 O-O 8. Be3 d6 9. Qd2 Nxd4 10. Bxd4 Be6 11. Be2 a6 12. O-O Qa5 13. Rfd1 Rfe8 14. b3 Rab8 15. Qb2 b5 16. b4 bxc4 17. Nd5 Qd8 18. Bxc4 Bxd5 19. Bxd5 Nh5 20. Bxg7 Nxg7 21. Qd4 Qb6 22. a3 Nh5 23. g3 Nf6 24. Kg2 Qxd4 25. Rxd4 Rec8 26. Rad1 Rc3 27. R4d3 Nxd5 28. exd5 Rxd3 29. Rxd3 Rc8 30. h4 Kg7 31. Kf2 Rb8 32. Ke3 Rb5 33. Kd4 e6 34. Kc4 Kf6 35. a4 Rb7 36. b5 axb5+ 37. axb5 Ke7 38. Kb4 exd5 39. Rxd5 Kd7 40. Ka5 Kc7 41. Rd3 0-1

[Event "4NCL Online Division 7"]
[Site "online"]
[Date "2021.03.09"]
[EventDate "2021.03.09"]
[Round "4.73"]
[White "Snip, Peyton"]
[WhiteElo "1678"]
[WhiteTeam "RCSI Team 1"]
[Black "Sharman, Jay"]
[BlackElo "1592"]
[BlackTeam "Redbridge All Sorts 3"]
[Result "1-0"]
[PlyCount "57"]

1. e4 d6 2. Nf3 Nf6 3. Nc3 g6 4. Bc4 Bg7 5. d4 a6 6. Bg5 b5 7. Bb3 b4 8. Bxf6 Bxf6 9. Nd5 a5 10. Nxf6+ exf6 11. a4 Ba6 12. c4 O-O 13. O-O Nd7 14. Qd2 Kg7 15. Rfe1 Nb6 16. Rac1 Qd7 17. Re3 Rad8 18. Nh4 Rfe8 19. Nf5+ gxf5 20. Rg3+ Kf8 21. Qh6+ Ke7 22. exf5 Qxf5 23. c5 Nd5 24. c6 Ra8 25. Bxd5 Kd8 26. Bxf7 Rh8 27. Qg7 Ke7 28. Re1+ Be2 29. Rxe2+ 1-0

[Event "4NCL Online Division 7"]
[Site "online"]
[Date "2021.03.09"]
[EventDate "2021.03.09"]
[Round "4.74"]
[White "Harris, Dai"]
[WhiteElo "1523"]
[WhiteTeam "Redbridge All Sorts 3"]
[Black "Abdul Jalil, Ali"]
[BlackElo "1339"]
[BlackTeam "RCSI Team 1"]
[Result "1-0"]
[PlyCount "42"]

1. d4 Nf6 2. Bf4 d5 3. e3 c5 4. c3 Nc6 5. Qb3 c4 6. Qc2 Qb6 7. Nd2 Bg4 8. Be2 Bh5 9. h3 Bg6 10. Qc1 e6 11. Ngf3 h6 12. O-O Qd8 13. Rd1 b5 14. Ne5 Nxe5 15. dxe5 Ne4 16. Nxe4 Bxe4 17. f3 Qb6 18. fxe4 Bc5 19. h4 g5 20. hxg5 hxg5 21. Bxg5 Rh5 1-0

[Event "4NCL Online Division 7"]
[Site "online"]
[Date "2021.03.09"]
[EventDate "2021.03.09"]
[Round "4.81"]
[White "Kelmendi, Bajrush"]
[WhiteElo "1951"]
[WhiteTeam "Celtic Tigers Cubs"]
[Black "Dunford, Anthony D"]
[BlackElo "1810"]
[BlackTeam "The Hemel's Gambit"]
[Result "1-0"]
[PlyCount "79"]

1. c4 e5 2. Nc3 Nf6 3. e4 Bc5 4. d3 Nc6 5. Be2 d6 6. h4 Nd4 7. Be3 c6 8. a3 a5 9. Nf3 Nxe2 10. Qxe2 Qb6 11. Na4 Qc7 12. Nxc5 dxc5 13. Bxc5 b6 14. Be3 Bg4 15. O-O-O c5 16. Qc2 O-O 17. Rdg1 Rab8 18. a4 Rb7 19. Nd2 Rd8 20. f3 Bd7 21. Nb1 Be8 22. Nc3 Qc6 23. b3 Rbd7 24. Rd1 Nh5 25. g4 Nf4 26. Bxf4 exf4 27. Nd5 Rxd5 28. exd5 Qf6 29. Qb2 Qd6 30. Rde1 f6 31. h5 Bf7 32. Re4 g5 33. Rhe1 Rf8 34. Qe2 Rd8 35. Re7 Kf8 36. Rb7 Re8 37. Rxf7+ Kxf7 38. Qxe8+ Kg7 39. Re7+ Kh6 40. Qf8# 1-0

[Event "4NCL Online Division 7"]
[Site "online"]
[Date "2021.03.09"]
[EventDate "2021.03.09"]
[Round "4.82"]
[White "Rollinson, David"]
[WhiteElo "1608"]
[WhiteTeam "The Hemel's Gambit"]
[Black "Hoong, Jonathan"]
[BlackElo "1811"]
[BlackTeam "Celtic Tigers Cubs"]
[Result "0-1"]
[PlyCount "62"]

1. d4 Nf6 2. Nf3 g6 3. Bg5 Bg7 4. e3 d6 5. Be2 c5 6. c3 Nbd7 7. Nbd2 O-O 8. O-O h6 9. Bxf6 Nxf6 10. Rc1 b6 11. Bc4 Bb7 12. Nh4 e6 13. Qc2 Qe7 14. Nhf3 Rac8 15. Bd3 Nd5 16. Qd1 cxd4 17. cxd4 Rxc1 18. Qxc1 Rc8 19. Qb1 e5 20. dxe5 dxe5 21. a3 f5 22. e4 Nf4 23. exf5 Nxd3 24. Qxd3 e4 25. Qb3+ Kh8 26. Re1 gxf5 27. g3 Qd7 28. Nxe4 fxe4 29. Nh4 Qc6 30. Qf7 e3 31. Ng6+ Kh7 0-1

[Event "4NCL Online Division 7"]
[Site "online"]
[Date "2021.03.09"]
[EventDate "2021.03.09"]
[Round "4.83"]
[White "White, John"]
[WhiteElo "1779"]
[WhiteTeam "Celtic Tigers Cubs"]
[Black "Cooper, John L"]
[BlackElo "1327"]
[BlackTeam "The Hemel's Gambit"]
[Result "1-0"]
[PlyCount "95"]

1. e4 c5 2. Ne2 e6 3. Ng3 d5 4. d3 g6 5. Be2 Bg7 6. O-O Ne7 7. c3 O-O 8. f4 d4 9. Bd2 Nbc6 10. Na3 a6 11. Nc2 Bd7 12. Ne1 f5 13. Qc2 Qc7 14. Rc1 Rac8 15. Kh1 b5 16. c4 b4 17. b3 a5 18. Nf3 h6 19. h4 Be8 20. Kg1 e5 21. exf5 exf4 22. Ne4 Nxf5 23. Nxc5 Qe7 24. Ne4 Ne5 25. Bxf4 Nxf3+ 26. Bxf3 Qxh4 27. g3 Qe7 28. Rce1 g5 29. Nd6 Ne3 30. Nxc8 Qd7 31. Bxe3 dxe3 32. Rxe3 Qxc8 33. Kh2 Bg6 34. Bd5+ Kh7 35. Rxf8 Qxf8 36. Qe2 Qf6 37. Re7 Qc3 38. Be4 Qf6 39. Bxg6+ Qxg6 40. Qe4 Qxe4 41. Rxe4 Kg8 42. Re8+ Kf7 43. Ra8 Bc3 44. Rxa5 Ke7 45. g4 Kd6 46. Kg2 Kc6 47. Kf3 Kc7 48. Ke4 1-0

[Event "4NCL Online Division 7"]
[Site "online"]
[Date "2021.03.09"]
[EventDate "2021.03.09"]
[Round "4.84"]
[White "Shergill, Ranjit"]
[WhiteElo "1045"]
[WhiteTeam "The Hemel's Gambit"]
[Black "Kwabiah, C Kenneth"]
[BlackElo "1518"]
[BlackTeam "Celtic Tigers Cubs"]
[Result "0-1"]
[PlyCount "126"]

1. e4 e6 2. g3 d5 3. e5 c5 4. Nf3 Nc6 5. Bg2 Nge7 6. O-O Ng6 7. Qe2 Qc7 8. Re1 Be7 9. d3 O-O 10. Bg5 Bxg5 11. Nxg5 Ncxe5 12. Nf3 Nc6 13. c3 Bd7 14. a4 Rad8 15. Na3 a6 16. Rac1 Nce7 17. b3 Rfe8 18. Ne5 Nxe5 19. Qxe5 Qxe5 20. Rxe5 Ng6 21. Re3 b5 22. a5 Bc6 23. b4 cxb4 24. cxb4 Rc8 25. d4 Rc7 26. Rec3 Rec8 27. Rc5 Ne7 28. Nc2 f6 29. Re1 Bd7 30. Bh3 Kf7 31. g4 Ng6 32. Ne3 Nf4 33. Bf1 Rxc5 34. dxc5 d4 35. Nd1 Nd5 36. Re4 e5 37. Be2 Nxb4 38. f4 Rxc5 39. fxe5 fxe5 40. Kf1 Nc6 41. h3 Nxa5 42. Bd3 Nb3 43. Ke2 Bc6 44. h4 Bxe4 45. Bxe4 a5 46. Bxh7 a4 47. Bb1 a3 48. Kd3 Nc1+ 49. Kd2 a2 50. Bxa2+ Nxa2 51. h5 e4 52. g5 Rxg5 53. Kc2 Nb4+ 54. Kd2 Rg2+ 55. Ke1 e3 56. Kf1 Rd2 57. Ke1 Nd3+ 58. Kf1 e2+ 59. Kg2 exd1=Q+ 60. Kg3 Qg1+ 61. Kf3 Qe3+ 62. Kg4 Qf4+ 63. Kh3 Rh2# 0-1

[Event "4NCL Online Division 7"]
[Site "online"]
[Date "2021.03.09"]
[EventDate "2021.03.09"]
[Round "4.91"]
[White "Kosznik, Dariusz"]
[WhiteElo "1853"]
[WhiteTeam "Dundee City C"]
[Black "Badacsonyi, Frankie"]
[BlackElo "1675"]
[BlackTeam "MHJ Bishops"]
[Result "1-0"]
[PlyCount "35"]

1. e4 e6 2. d4 d5 3. Nd2 Nc6 4. c3 e5 5. exd5 Qxd5 6. Ngf3 exd4 7. Bc4 Qh5 8. O-O Bd6 9. Ne4 Bg4 10. Nxd6+ cxd6 11. Qe1+ Nge7 12. Nxd4 Nxd4 13. cxd4 d5 14. Bb5+ Bd7 15. Bxd7+ Kxd7 16. Qb4 b6 17. Bf4 Rhd8 18. Rfe1 1-0

[Event "4NCL Online Division 7"]
[Site "online"]
[Date "2021.03.09"]
[EventDate "2021.03.09"]
[Round "4.92"]
[White "Karia, Kamlesh"]
[WhiteElo "1560"]
[WhiteTeam "MHJ Bishops"]
[Black "Jackson, Robert"]
[BlackElo "1575"]
[BlackTeam "Dundee City C"]
[Result "0-1"]
[PlyCount "66"]

1. e4 e6 2. d4 d5 3. exd5 exd5 4. Bd3 Nc6 5. c3 Bd6 6. Be3 Nge7 7. Nf3 Bf5 8. Qc2 Bxd3 9. Qxd3 Qd7 10. Nbd2 Qf5 11. Qxf5 Nxf5 12. O-O O-O-O 13. Rae1 f6 14. g4 Nxe3 15. fxe3 Rde8 16. e4 dxe4 17. Rxe4 Rxe4 18. Nxe4 Be7 19. Re1 h5 20. g5 fxg5 21. Nexg5 Bf6 22. Ne4 Bd8 23. Nc5 Rh6 24. Kh1 Bf6 25. Re8+ Nd8 26. Ne6 Kd7 27. Rxd8+ Bxd8 28. Nxg7 Rh7 29. Ne5+ Ke7 30. Nf5+ Ke6 31. Ne3 c5 32. Ng6 Rf7 33. d5+ Kd6 0-1

[Event "4NCL Online Division 7"]
[Site "online"]
[Date "2021.03.09"]
[EventDate "2021.03.09"]
[Round "4.93"]
[White "Robertson, John"]
[WhiteElo "1562"]
[WhiteTeam "Dundee City C"]
[Black "Bhattacharya, Cali"]
[BlackElo "1315"]
[BlackTeam "MHJ Bishops"]
[Result "0-1"]
[PlyCount "84"]

1. d4 d5 2. Bf4 Bf5 3. Nd2 e6 4. c3 c5 5. e3 Nd7 6. Ngf3 Ngf6 7. Nh4 Bg6 8. Nxg6 fxg6 9. Be2 Be7 10. O-O O-O 11. Re1 Nb6 12. Bf3 Bd6 13. Bg3 Qc7 14. Bxd6 Qxd6 15. e4 dxe4 16. Nxe4 Nxe4 17. Rxe4 Rae8 18. Qe2 c4 19. Re5 Rf5 20. Rd1 Rxe5 21. Qxe5 Qd7 22. Qa5 Qa4 23. Qxa4 Nxa4 24. Rd2 b5 25. Bc6 Rb8 26. Re2 Kf7 27. g3 Rb6 28. Bf3 a5 29. Rc2 Rb8 30. b3 Nb6 31. Be2 cxb3 32. axb3 Nd5 33. c4 bxc4 34. Bxc4 Rc8 35. Re2 Kf6 36. Kg2 Rc6 37. Re5 Nb6 38. Rc5 Rxc5 39. dxc5 Nxc4 40. bxc4 a4 41. c6 Ke7 42. c5 a3 0-1